<?xml version="1.0" encoding="UTF-8"?>
<record
    xmlns:xsi="http://www.w3.org/2001/XMLSchema-instance"
    xsi:schemaLocation="http://www.loc.gov/MARC21/slim http://www.loc.gov/standards/marcxml/schema/MARC21slim.xsd"
    xmlns="http://www.loc.gov/MARC21/slim">

  <leader>00195nam a2200085Ia 4500</leader>
  <controlfield tag="008">170620s9999    xx            000 0 und d</controlfield>
  <datafield tag="100" ind1=" " ind2=" ">
    <subfield code="a">Dr KAPOOR- S K</subfield>
  </datafield>
  <datafield tag="245" ind1=" " ind2="0">
    <subfield code="a">HUMAN RIGHTS</subfield>
  </datafield>
  <datafield tag="260" ind1=" " ind2=" ">
    <subfield code="b">Central Law Agency</subfield>
  </datafield>
  <datafield tag="260" ind1=" " ind2=" ">
    <subfield code="c">2005</subfield>
  </datafield>
  <datafield tag="999" ind1=" " ind2=" ">
    <subfield code="c">29296</subfield>
    <subfield code="d">29296</subfield>
  </datafield>
  <datafield tag="952" ind1=" " ind2=" ">
    <subfield code="0">0</subfield>
    <subfield code="1">0</subfield>
    <subfield code="2">ddc</subfield>
    <subfield code="4">0</subfield>
    <subfield code="7">0</subfield>
    <subfield code="a">04</subfield>
    <subfield code="b">04</subfield>
    <subfield code="d">2008-04-15</subfield>
    <subfield code="e">94</subfield>
    <subfield code="l">3</subfield>
    <subfield code="m">7</subfield>
    <subfield code="p">04-B-2630</subfield>
    <subfield code="r">2018-05-23</subfield>
    <subfield code="s">2018-05-10</subfield>
    <subfield code="w">2017-06-29</subfield>
    <subfield code="y">01</subfield>
  </datafield>
  <datafield tag="952" ind1=" " ind2=" ">
    <subfield code="0">0</subfield>
    <subfield code="1">0</subfield>
    <subfield code="2">ddc</subfield>
    <subfield code="4">0</subfield>
    <subfield code="7">0</subfield>
    <subfield code="a">04</subfield>
    <subfield code="b">04</subfield>
    <subfield code="d">2008-04-15</subfield>
    <subfield code="e">94</subfield>
    <subfield code="l">3</subfield>
    <subfield code="m">6</subfield>
    <subfield code="p">04-B-2631</subfield>
    <subfield code="r">2018-05-28</subfield>
    <subfield code="s">2018-04-17</subfield>
    <subfield code="w">2017-06-29</subfield>
    <subfield code="y">02</subfield>
  </datafield>
</record>
